Stade Rennais F.C. : Les plus gros achats - Statistiques

Statistiques générales
  • Ce quiz a été pris 1 305 fois
    141 depuis la dernière actualisation
  • Le résultat moyen est 12 sur 20
Statistiques - réponses
Montant Venant de Nationalité Saison Réponse % Correct
26 M€ RSC Anderlecht Belge 20/21 Jérémy Doku
93%
20 M€ Al-Nassr Ivoirien 24/25 Seko Fofana
91%
28 M€ OGC Nice Français 22/23 Amine Gouiri
86%
21 M€ Sporting CP Brésilien 19/20 Raphinha
83%
15 M€ FC Nantes Français 23/24 Ludovic Blas
79%
14 M€ RC Lens Français 24/25 Brice Samba
78%
20 M€ Paris SG Français 22/23 Arnaud Kalimuendo
75%
19 M€ Bologne Belge 22/23 Arthur Theate
70%
20 M€ FC Lorient Français 23/24 Enzo Le Fée
70%
17 M€ FC Metz Sénégalais 17/18 Ismaïla Sarr
63%
17 M€ FC Nordsjaelland Ghanéen 21/22 Kamaldeen Sulemana
60%
15 M€ Amiens SC Français 20/21 Serhou Guirassy
50%
15 M€ Montpellier HSC Français 21/22 Gaëtan Laborde
49%
15 M€ BSC Young Boys Suisse 23/24 Fabian Rieder
45%
13 M€ VfB Sttutgart Français 24/25 Anthony Rouault
44%
15 M€ Torino Sénégalais 19/20 M'Baye Niang
44%
15,5 M€ Stade de Reims Néerlandais 23/24 Azor Matusiwa
40%
17 M€ RC Lens Français 21/22 Loic Badé
33%
14 M€ SC Fribourg Français 21/22 Baptiste Santamaria
32%
21,3 M€ Atlético-PR Brésilien 00/01 Severino Lucas
31%
Aucun quiz correspondant
Distribution des résultats
% des personnes avec chaque résultat
Percentile par nombre de réponses
Votre historique - résultats
Vous n’avez pas pris ce quiz depuis la dernière actualisation